000 00357nam a2200133Ia 4500
003 GCL
008 140319s9999 xx 000 0 ara d
040 _aGCL /
_cGCL
082 0 4 _a219
_bا ر
245 1 0 _a"رؤية اسلامية معاصرة ""اعلان مبادىء"""
260 _a[S.N] :
_bدار الشروق ،
_c1991
300 _a67 ص
490 _a
999 _c54932
_d54932